【E1A】新東名/伊勢湾岸/新名神と交差する鉄道路線 - Statistics

General Stats
  • This quiz has been taken 119 times
  • The average score is 21 of 28
Answer Stats
路線 交差区間 % Correct
JR京都線 島本〜高槻
95%
JR東海道本線 南大高〜共和
93%
名鉄名古屋本線 豊明〜富士松
90%
東海道新幹線 名古屋〜三河安城
89%
東海道新幹線 京都〜新大阪
89%
JR関西本線 朝日〜富田
89%
近鉄名古屋線 伊勢朝日〜川越富洲原
88%
小田急小田原線 愛甲石田〜伊勢原
86%
JR飯田線 長篠城〜鳥居〜大海〜三河東郷
86%
遠州鉄道鉄道線 西鹿島〜遠州岩水寺
85%
JR身延線 富士根〜入山瀬
80%
愛知環状鉄道線 永覚〜三河上郷
77%
近鉄京都線 寺田〜富野荘駅
77%
天竜浜名湖線 戸綿〜原田西鹿島〜岩水寺 等
75%
名鉄常滑線 名和〜聚楽園
75%
京阪本線 樟葉〜牧野駅
75%
阪急京都線 上牧〜高槻市
75%
JR草津線 寺庄〜甲賀
75%
JR奈良線 城陽〜長池
75%
JR宝塚線 道場〜武田尾
73%
名鉄三河線 若林〜三河八橋
71%
名古屋臨海高速鉄道あおなみ線 野跡〜金城ふ頭
70%
大井川鐵道大井川本線 門出〜合格
62%
近鉄湯の山線 湯の山温泉〜大羽根園
57%
三岐鉄道三岐線 保々〜山城
48%
信楽高原鐵道信楽線 貴生川〜紫香楽宮跡
46%
神戸電鉄三田線 道場南口〜二郎
40%
能勢電鉄妙見線 一の鳥居〜平野
29%
No matching quizzes found
Score Distribution
Percent of People with Each Score
Percentile by Number Answered
Your Score History
You have not taken this quiz